Statistics for Clash Royale Arenas

Click here to take the quiz!

General Stats

  • This quiz has been taken 89 times
    (71 since last reset)
  • The average score is 12 of 21

Answer Stats

NumberArenaTrophies% Correct
2Bone Pit300
75%
-Training Camp-
75%
13Rascal's Hideout4200
71%
1Goblin Stadium0
68%
20Legendary Arena7500
68%
4Spell Valley1000
68%
11Electro Valley3400
64%
16Executioner's Kitchen5500
64%
6PEKKA's Playhouse1600
64%
3Barbarian Bowl600
61%
15Miner's Mine5000
57%
7Royal Arena2000
57%
12Spooky Town3800
57%
9Jungle Arena2600
54%
5Builder's Workshop1300
50%
14Serenity Peak4600
50%
8Frozen Peak2300
46%
10Hog Mountain3000
46%
19Dragon Spa7000
39%
17Royal Crypt6000
36%
18Silent Sanctuary6500
32%

Score Distribution

Percentile by Number Answered

Percent of People with Each Score

Your Score History

You have not taken this quiz since the last reset